000 00869nas a2200277 4500
001 BR0202921
003 BR-BrBNA
005 20231205103022.0
007 ta
008 230509b bl.|||p| |||| 00| 00por d
040 _aBR-BrBNA
_bpor
_cBiblioteca Nacional de Agricultura
041 _a(Pt)
072 _aU10
100 1 _aRossetti, A.G.
245 1 _aInfluência da área da parcela e do número de repetições na precisão de experimentos com arbóreas
650 _aCULTIVO PERENE
650 _aFRUTA
650 _aMÉTODO
650 _aPARCELA EXPERIMENTAL
650 _aANÁLISE ESTATÍSTICA
650 _aMODELO MATEMÁTICO
650 _aPESQUISA AGRÍCOLA
773 0 _tPesquisa Agropecuária Brasileira (Brazil)
_xISSN 0100-204X
_g(Apr 2002), v. 37(4) p. 433-438
_wBR0202921
909 _a202311
_bLúcia
_c55
_dLúcia Elande
942 _2AGRIS
_n0
_cANA
999 _c170597
_d170597